| 000 | 00967nam a2200241Ia 4500 | ||
|---|---|---|---|
| 999 |
_c39562 _d39562 |
||
| 001 | 6161 | ||
| 003 | GE_BSU | ||
| 005 | 20191218163607.0 | ||
| 008 | 181216s1976||||ge |||||||||||||| ||geo|| | ||
| 040 | _cGE_BSU | ||
| 041 | _ageo | ||
| 080 | _a821.353.1-32 გ-42 | ||
| 100 |
_aგეწაძე, აკაკი. _95853 |
||
| 245 |
_aლაზარეს წყარო : _bმოთხრობა / _cაკაკი გეწაძე ; რედ. ლ. ერისთავი ; მხატვ. ვ. ხიდეშელი. |
||
| 250 | _aგამოც. მე-2. | ||
| 264 |
_aთბილისი : _bნაკადული, _c1976. |
||
| 300 |
_a226 გვ. ; _c20 სმ. |
||
| 653 | _aლაზარეს წყარო | ||
| 653 | _aმოთხრობა | ||
| 700 |
_aერისთავი, დ. _eრედაქტორი _95860 |
||
| 700 |
_aხიდეშელი, ვ. _eმხატვარი _95859 |
||
| 942 |
_cBK _2udc |
||